Microsoft exchange server 2010 : (Record no. 38976)

MARC details
000 -LEADER
fixed length control field 00878nam a22002537a 4500
005 - DATE AND TIME OF LATEST TRANSACTION
control field 2010080205235.0
010 ## - LCCN (DPL NO)
LC control number ENG-97920
020 ## - INTERNATIONAL STANDARD BOOK NUMBER
International Standard Book Number 9788120341180
Terms of availability 550.00
035 ## - SYSTEM CONTROL NUMBER
System control number EN-81453
037 ## - SOURCE OF ACQUISITION
Source of stock number/acquisition DBAD/PUB
082 ## - DEWEY DECIMAL CLASSIFICATION NUMBER
Classification number 005.71376
100 ## - MAIN ENTRY--PERSONAL NAME
Personal name Stanek, William R.
245 ## - TITLE STATEMENT
Title Microsoft exchange server 2010 :
Statement of responsibility, etc by William R. Stanek
Remainder of title administrator's pocket consultan
260 ## - PUBLICATION, DISTRIBUTION, ETC. (IMPRINT)
Place of publication, distribution, etc New Delhi
Name of publisher, distributor, etc PHI learning
Date of publication, distribution, etc 2010
270 ## - ADDRESS
Address M-97, Connaught Circus,
City New Delhi
Postal code 110001
300 ## - PHYSICAL DESCRIPTION
Extent 664 p.
Dimensions 22cm (Pbk)
500 ## - GENERAL NOTE
General note Includes index
650 ## - SUBJECT ADDED ENTRY--TOPICAL TERM
Topical term or geographic name as entry element Client server computing
650 ## - SUBJECT ADDED ENTRY--TOPICAL TERM
Topical term or geographic name as entry element Microsoft exchange server
700 ## - ADDED ENTRY--PERSONAL NAME
9 (RLIN) 4162
700 ## - ADDED ENTRY--PERSONAL NAME
9 (RLIN) 5167
942 ## - ADDED ENTRY ELEMENTS (KOHA)
Source of classification or shelving scheme Dewey Decimal Classification
Item type English Books
Classification part 005.71376
Call number suffix STA
Holdings
Withdrawn status Lost status Not for loan Collection code Home library Current library Date acquired Cost, normal purchase price Full call number Barcode Copy number Cost, replacement price Koha item type
    Not For Loan Non-fiction D.B.Act.Division D.B.Act.Division 03/08/2010 550.00 005.71376 STA EN-81453 1 550.00 English Books

© Delhi Public Library
Hit Counter
free hit counter